| 000 | 00589nam a2200181 4500 | ||
|---|---|---|---|
| 999 |
_c4628 _d4628 |
||
| 003 | OSt | ||
| 005 | 20230112105059.0 | ||
| 008 | 230112b ||||| |||| 00| 0 eng d | ||
| 020 | _a9789386515339 | ||
| 040 |
_aKABLIB _cKABLIB _dKABLIB |
||
| 082 |
_223 _a348.42 _bALL |
||
| 245 |
_aThe All England Law Reorts 2018, vol. 2 / _cEdited by Wendy Herrig Barrister, Danutha Sogaard. |
||
| 260 |
_aUK : _bLexisNexis, _cc2018. |
||
| 300 |
_axxi, 1134 p. ; _c23 cm. |
||
| 700 |
_aBarrister, Wendy Herrig, _eEditor. _912004 |
||
| 700 |
_aSogaard, Danutha, _eJoint Editor. _911966 |
||
| 942 |
_2ddc _cLAW REPORT |
||